Paroles - La valse à mille temps - Jacques Brel - Statistiques

Statistiques générales
  • Ce quiz a été pris 326 fois
  • Le résultat moyen est 395 sur 461
Statistiques - réponses
Réponse % Correct
à
100%
À
100%
a
100%
temps
100%
valse
100%
de
98%
De
98%
Au
97%
au
97%
la
97%
trois
97%
Trois
97%
un
97%
mille
96%
Une
96%
une
96%
premier
95%
qui
93%
Qui
93%
Et
92%
et
92%
Dans
91%
dans
91%
le
91%
cent
90%
c'est
90%
C'est
90%
Me
90%
quatre
90%
vingt
90%
mes
89%
moi
89%
tu
89%
Tu
89%
mais
86%
Mais
86%
bat
85%
deux
85%
plus
85%
tout
85%
beaucoup
84%
mesure
84%
encore
83%
es
83%
Je
83%
je
83%
Paris
83%
qu'une
83%
Qu'une
83%
des
81%
l'amour
81%
moins
81%
émoi
79%
notre
79%
ans
78%
charmant
78%
dansant
78%
que
78%
déjà
77%
déja
77%
aussi
76%
du
76%
seul
76%
troublant
76%
deuxième
75%
suis
74%
bas
72%
détours
72%
Nous
72%
bras
71%
côté
70%
murmure
70%
Pour
70%
pour
70%
Comme
69%
ça
67%
les
67%
s'offrir
67%
souris
67%
toi
67%
troisième
67%
seule
66%
t'aperçois
66%
trente
66%
fois
65%
Il
65%
s'offre
65%
j'ai
64%
tous
63%
y
63%
Toute
61%
est
60%
On
60%
l'temps
59%
printemps
59%
sa
59%
roman
58%
aies
56%
carrefour
56%
chaque
56%
patienter
55%
Y'a
53%
y'a
53%
s'entend
49%
enfin
48%
valsons
48%
aux
47%
bâtir
47%
Laisse
47%
Rafraîchit
46%
fredonne
45%
amants
44%
joie
43%
Offre
43%
mis
41%
éclater
40%
comptons
38%
Aucun quiz correspondant
Distribution des résultats
% des personnes avec chaque résultat
Percentile par nombre de réponses
Votre historique - résultats
Vous n’avez pas pris ce quiz